[Event "Team Championship of Russia (rapid)"]
[Site "Sochi"]
[Date "2015.05.09"]
[Round "9.27"]
[White "Lugovskoy, Maxim"]
[Black "Skomorokhin, Vadim"]
[Result "1/2-1/2"]
[LiveChessVersion "1.4.4"]
[BlackElo "2311"]
[WhiteElo "2445"]
[BlackTeam "SK Volga"]

1. e4 {[%clk 0:15:20]} e6 {[%clk 0:15:20]} 2. d4 {[%clk 0:15:29]} b6
{[%clk 0:15:29]} 3. Bd3 {[%clk 0:15:30]} Bb7 {[%clk 0:15:36]} 4. Nf3
{[%clk 0:15:38]} c5 {[%clk 0:15:45]} 5. c3 {[%clk 0:15:47]} Nf6 {[%clk 0:15:53]}
6. e5 {[%clk 0:15:56]} Nd5 {[%clk 0:16:00]} 7. O-O {[%clk 0:15:59]} cxd4
{[%clk 0:16:08]} 8. cxd4 {[%clk 0:16:03]} Be7 {[%clk 0:15:42]} 9. Nc3
{[%clk 0:16:10]} Nxc3 {[%clk 0:15:47]} 10. bxc3 {[%clk 0:16:18]} d6
{[%clk 0:15:31]} 11. Bf4 {[%clk 0:15:59]} Nc6 {[%clk 0:15:11]} 12. Qe2
{[%clk 0:15:58]} dxe5 {[%clk 0:15:02]} 13. dxe5 {[%clk 0:16:02]} Qc7
{[%clk 0:14:14]} 14. Rad1 {[%clk 0:15:51]} h6 {[%clk 0:14:04]} 15. Nd4
{[%clk 0:15:22]} a6 {[%clk 0:13:10]} 16. Qh5 {[%clk 0:14:09]} Nxd4
{[%clk 0:13:11]} 17. cxd4 {[%clk 0:14:17]} Qc6 {[%clk 0:12:54]} 18. f3
{[%clk 0:13:26]} Qa4 {[%clk 0:11:31]} 19. Be3 {[%clk 0:13:17]} g6
{[%clk 0:10:24]} 20. Qh3 {[%clk 0:12:21]} Qxa2 {[%clk 0:10:00]} 21. Be4
{[%clk 0:10:12]} Bd5 {[%clk 0:09:18]} 22. Rc1 {[%clk 0:09:53]} Qb3
{[%clk 0:09:06]} 23. Rfe1 {[%clk 0:09:19]} b5 {[%clk 0:08:17]} 24. Qg3
{[%clk 0:07:05]} Bxe4 {[%clk 0:07:29]} 25. fxe4 {[%clk 0:07:12]} Bg5
{[%clk 0:07:33]} 26. d5 {[%clk 0:06:19]} O-O {[%clk 0:07:16]} 27. d6
{[%clk 0:06:08]} Rfc8 {[%clk 0:06:42]} 28. Rxc8+ {[%clk 0:04:54]} Rxc8
{[%clk 0:06:51]} 29. Bb6 {[%clk 0:04:47]} Qxg3 {[%clk 0:06:34]} 30. hxg3
{[%clk 0:04:56]} Bd8 {[%clk 0:06:31]} 31. Be3 {[%clk 0:04:08]} Kg7
{[%clk 0:05:42]} 32. Rd1 {[%clk 0:02:54]} b4 {[%clk 0:05:18]} 33. d7
{[%clk 0:02:33]} Rc4 {[%clk 0:05:04]} 34. Kf2 {[%clk 0:02:01]} a5
{[%clk 0:04:49]} 35. Rd6 {[%clk 0:00:58]} b3 {[%clk 0:04:38]} 36. Rb6
{[%clk 0:00:45]} Rc2+ {[%clk 0:03:27]} 37. Kf3 {[%clk 0:00:51]} b2
{[%clk 0:03:26]} 38. Rb8 {[%clk 0:00:56]} Be7 {[%clk 0:03:32]} 39. Bd4
{[%clk 0:00:50]} a4 {[%clk 0:02:54]} 40. Rxb2 {[%clk 0:00:29]} Rc7
{[%clk 0:02:58]} 41. Ra2 {[%clk 0:00:35]} a3 {[%clk 0:03:02]} 42. Rxa3
{[%clk 0:00:44]} Rxd7 {[%clk 0:03:09]} 43. Ra4 {[%clk 0:00:49]} Rb7
{[%clk 0:03:17]} 44. Be3 {[%clk 0:00:49]} Rb3 {[%clk 0:03:26]} 45. Ke2
{[%clk 0:00:58]} g5 {[%clk 0:03:15]} 46. g4 {[%clk 0:01:06]} Kg6 {[%clk 0:03:18]}
47. Ra8 {[%clk 0:01:09]} Rc3 {[%clk 0:03:16]} 48. Ra5 {[%clk 0:00:39]} Bd8
{[%clk 0:03:17]} 49. Rb5 {[%clk 0:00:43]} Bc7 {[%clk 0:03:22]} 50. Kd2
{[%clk 0:00:34]} Ra3 {[%clk 0:03:30]} 51. Ke2 {[%clk 0:00:42]} h5
{[%clk 0:03:01]} 52. gxh5+ {[%clk 0:00:34]} Kxh5 {[%clk 0:03:10]} 53. Rb7
{[%clk 0:00:34]} Rc3 {[%clk 0:03:13]} 54. Bd4 {[%clk 0:00:42]} Rc6
{[%clk 0:03:09]} 55. Kf3 {[%clk 0:00:31]} Kg6 {[%clk 0:03:07]} 56. Rb3
{[%clk 0:00:27]} Ra6 {[%clk 0:03:05]} 57. Rc3 {[%clk 0:00:27]} Bd8
{[%clk 0:02:41]} 58. Rc8 {[%clk 0:00:35]} Be7 {[%clk 0:02:50]} 59. Re8
{[%clk 0:00:31]} Ra3+ {[%clk 0:02:51]} 60. Ke2 {[%clk 0:00:28]} Bb4
{[%clk 0:02:48]} 61. Be3 {[%clk 0:00:34]} Ra2+ {[%clk 0:02:11]} 62. Kf3
{[%clk 0:00:42]} Ra3 {[%clk 0:01:56]} 63. Ke2 {[%clk 0:00:43]} Ra2+
{[%clk 0:01:58]} 64. Kf3 {[%clk 0:00:52]} g4+ {[%clk 0:01:51]} 65. Kxg4
{[%clk 0:01:01]} Rxg2+ {[%clk 0:02:00]} 66. Kf4 {[%clk 0:01:01]} Kg7
{[%clk 0:01:52]} 67. Kf3 {[%clk 0:01:10]} Ra2 {[%clk 0:01:58]} 68. Bg5
{[%clk 0:01:16]} Bc5 {[%clk 0:01:37]} 69. Bf6+ {[%clk 0:01:24]} Kg6
{[%clk 0:01:44]} 70. Rg8+ {[%clk 0:01:24]} Kh5 {[%clk 0:01:51]} 71. Rh8+
{[%clk 0:00:43]} Kg6 {[%clk 0:01:58]} 72. Rg8+ {[%clk 0:00:48]} Kh5
{[%clk 0:02:06]} 73. Rh8+ {[%clk 0:00:51]} Kg6 {[%clk 0:02:13]} 74. Rc8
{[%clk 0:00:59]} Bd4 {[%clk 0:02:13]} 75. Rd8 {[%clk 0:00:55]} Bb6
{[%clk 0:01:56]} 76. Rg8+ {[%clk 0:00:46]} Kh5 {[%clk 0:02:04]} 77. Rh8+
{[%clk 0:00:40]} Kg6 {[%clk 0:02:12]} 78. Kg3 {[%clk 0:00:24]} Re2
{[%clk 0:02:02]} 79. Kf3 {[%clk 0:00:26]} Rf2+ {[%clk 0:02:06]} 80. Kg4
{[%clk 0:00:31]} Rg2+ {[%clk 0:02:10]} 81. Kf4 {[%clk 0:00:37]} Rf2+
{[%clk 0:02:07]} 82. Kg3 {[%clk 0:00:45]} Re2 {[%clk 0:02:15]} 83. Rg8+
{[%clk 0:00:37]} Kh5 {[%clk 0:02:21]} 84. Rh8+ {[%clk 0:00:41]} Kg6
{[%clk 0:02:29]} 85. Rb8 {[%clk 0:00:31]} Bd4 {[%clk 0:02:25]} 86. Rg8+
{[%clk 0:00:25]} Kh5 {[%clk 0:02:32]} 87. Kf3 {[%clk 0:00:26]} Rf2+
{[%clk 0:02:38]} 88. Kg3 {[%clk 0:00:34]} Re2 {[%clk 0:02:43]} 89. Rh8+
{[%clk 0:00:20]} Kg6 {[%clk 0:02:51]} 90. Rg8+ {[%clk 0:00:20]} Kh5
{[%clk 0:02:47]} 91. Rg5+ {[%clk 0:00:28]} Kh6 92. Rg4 Ra2 {[%clk 0:02:21]} 93.
Rg7 {[%clk 0:00:24]} Re2 {[%clk 0:01:51]} 94. Rg4 {[%clk 0:00:30]} Ra2
{[%clk 0:01:57]} 95. Rg7 {[%clk 0:00:19]} Re2 {[%clk 0:02:02]} 96. Rxf7
{[%clk 0:00:24]} Rxe4 {[%clk 0:02:04]} 97. Kf3 {[%clk 0:00:33]} Re1
{[%clk 0:02:00]} 98. Re7 {[%clk 0:00:25]} Bxe5 {[%clk 0:01:57]} 99. Bh4
{[%clk 0:00:31]} Bd6 {[%clk 0:01:27]} 100. Rd7 {[%clk 0:00:43]} Rd1
{[%clk 0:01:44]} 101. Be7 {[%clk 0:00:50]} Rf1+ {[%clk 0:01:39]} 102. Ke2
{[%clk 0:00:23]} Rf7 {[%clk 0:01:47]} 103. Bg5+ {[%clk 0:00:24]} Kg6
{[%clk 0:01:48]} 104. Rxd6 {[%clk 0:00:25]} Kxg5 {[%clk 0:01:56]} 105. Rxe6
{[%clk 0:00:34]} 1/2-1/2

[Event "Team Championship of Russia (rapid)"]
[Site "Sochi"]
[Date "2015.05.09"]
[Round "9.28"]
[White "Shumilina, Alexandra"]
[Black "Oganian, Miran"]
[Result "0-1"]
[LiveChessVersion "1.4.4"]
[BlackElo "2433"]
[WhiteElo "2344"]

1. e4 {[%clk 0:15:19]} c5 {[%clk 0:15:19]} 2. c3 {[%clk 0:15:28]} Nf6
{[%clk 0:15:28]} 3. e5 {[%clk 0:15:36]} Nd5 {[%clk 0:15:37]} 4. d4
{[%clk 0:15:45]} cxd4 {[%clk 0:15:45]} 5. Qxd4 {[%clk 0:15:53]} e6
{[%clk 0:15:54]} 6. Nf3 {[%clk 0:15:55]} Nc6 {[%clk 0:16:03]} 7. Qe4
{[%clk 0:16:05]} Nde7 {[%clk 0:16:10]} 8. g3 {[%clk 0:15:09]} Qc7
{[%clk 0:16:07]} 9. Bg2 {[%clk 0:14:37]} Ng6 {[%clk 0:16:16]} 10. Bf4
{[%clk 0:14:44]} Nxf4 {[%clk 0:15:56]} 11. gxf4 {[%clk 0:14:18]} g6
{[%clk 0:15:23]} 12. Nbd2 {[%clk 0:14:14]} d5 {[%clk 0:14:44]} 13. Qe3
{[%clk 0:14:01]} b6 {[%clk 0:14:40]} 14. O-O {[%clk 0:13:25]} Bh6
{[%clk 0:14:20]} 15. Rfc1 {[%clk 0:12:37]} O-O {[%clk 0:12:45]} 16. c4
{[%clk 0:12:13]} Qd7 {[%clk 0:12:08]} 17. cxd5 {[%clk 0:12:11]} exd5
{[%clk 0:12:16]} 18. Nb3 {[%clk 0:10:07]} Bb7 {[%clk 0:12:05]} 19. Nfd4
{[%clk 0:09:50]} Nxd4 {[%clk 0:11:52]} 20. Nxd4 {[%clk 0:09:57]} Qg4
{[%clk 0:11:49]} 21. Rc7 {[%clk 0:09:17]} Rab8 {[%clk 0:10:52]} 22. Ne2
{[%clk 0:05:33]} d4 {[%clk 0:10:34]} 23. Qg3 {[%clk 0:05:40]} Qxe2
{[%clk 0:10:34]} 24. Bxb7 {[%clk 0:05:43]} Qd2 {[%clk 0:09:32]} 25. Bd5
{[%clk 0:02:52]} Bxf4 {[%clk 0:07:14]} 26. Qb3 {[%clk 0:02:53]} Bxe5
{[%clk 0:06:47]} 27. Bxf7+ {[%clk 0:01:11]} Kh8 {[%clk 0:06:51]} 28. Rd7
{[%clk 0:01:02]} Qf4 {[%clk 0:06:09]} 29. Qd5 {[%clk 0:00:38]} Qxh2+
{[%clk 0:05:15]} 30. Kf1 {[%clk 0:00:47]} Bg7 {[%clk 0:05:09]} 31. Re1
{[%clk 0:00:47]} Qh3+ {[%clk 0:04:50]} 32. Ke2 {[%clk 0:00:55]} Rbc8
{[%clk 0:02:57]} 33. f3 {[%clk 0:00:29]} Qg2+ {[%clk 0:02:33]} 0-1

[Event "Team Championship of Russia (rapid)"]
[Site "Sochi"]
[Date "2015.05.09"]
[Round "9.29"]
[White "Demidov, Mikhail"]
[Black "Reshetnikov, Alexey"]
[Result "1/2-1/2"]
[LiveChessVersion "1.4.4"]
[BlackElo "2390"]
[WhiteElo "2493"]
[BlackTeam "Our heritage - Junior"]
[WhiteTeam "Boavishta"]

1. Nc3 {[%clk 0:15:17]} c5 {[%clk 0:15:17]} 2. Nf3 {[%clk 0:15:25]} Nc6
{[%clk 0:15:22]} 3. d4 {[%clk 0:15:31]} cxd4 {[%clk 0:15:28]} 4. Nxd4
{[%clk 0:15:40]} g6 {[%clk 0:15:35]} 5. g3 {[%clk 0:15:38]} Bg7 {[%clk 0:15:42]}
6. Nb3 {[%clk 0:15:46]} Nf6 {[%clk 0:15:48]} 7. Bg2 {[%clk 0:15:54]} O-O
{[%clk 0:15:55]} 8. O-O {[%clk 0:16:00]} d6 {[%clk 0:16:04]} 9. a4
{[%clk 0:15:58]} Bd7 {[%clk 0:16:11]} 10. a5 {[%clk 0:16:04]} Rc8
{[%clk 0:15:39]} 11. Bg5 {[%clk 0:15:41]} Be6 {[%clk 0:14:56]} 12. Nd4
{[%clk 0:15:03]} Nxd4 {[%clk 0:13:13]} 13. Qxd4 {[%clk 0:15:11]} Rc5
{[%clk 0:12:58]} 14. Qd2 {[%clk 0:14:03]} Rxa5 {[%clk 0:12:28]} 15. Bxf6
{[%clk 0:13:46]} Bxf6 {[%clk 0:11:26]} 16. Ne4 {[%clk 0:13:46]} Rxa1
{[%clk 0:11:23]} 17. Nxf6+ {[%clk 0:13:53]} exf6 {[%clk 0:11:31]} 18. Rxa1
{[%clk 0:14:01]} Qb6 {[%clk 0:11:31]} 19. c3 {[%clk 0:13:36]} Rc8
{[%clk 0:11:05]} 20. h4 {[%clk 0:13:23]} Kg7 {[%clk 0:08:06]} 21. h5
{[%clk 0:13:16]} g5 {[%clk 0:08:10]} 22. Ra4 {[%clk 0:13:19]} Rc5
{[%clk 0:07:32]} 23. Rd4 {[%clk 0:12:35]} d5 {[%clk 0:07:24]} 24. e4
{[%clk 0:11:06]} dxe4 {[%clk 0:07:14]} 25. Bxe4 {[%clk 0:11:11]} a5
{[%clk 0:06:37]} 26. Rd6 {[%clk 0:05:15]} Qc7 {[%clk 0:06:44]} 27. Qd4
{[%clk 0:05:24]} h6 {[%clk 0:06:30]} 28. Bxb7 {[%clk 0:04:21]} a4
{[%clk 0:04:44]} 29. Bg2 {[%clk 0:02:10]} a3 {[%clk 0:03:51]} 30. bxa3
{[%clk 0:02:16]} Rxc3 {[%clk 0:04:00]} 31. Ra6 {[%clk 0:02:09]} Rc1+
{[%clk 0:04:01]} 32. Kh2 {[%clk 0:02:16]} Qe5 {[%clk 0:02:43]} 33. Qd2
{[%clk 0:01:32]} Ra1 {[%clk 0:02:42]} 34. Ra5 {[%clk 0:01:38]} Qc7
{[%clk 0:02:05]} 35. Ra8 {[%clk 0:00:50]} Qb6 {[%clk 0:01:45]} 36. Qb4
{[%clk 0:00:27]} Qxb4 {[%clk 0:01:34]} 37. axb4 {[%clk 0:00:36]} Rb1
{[%clk 0:01:43]} 38. Rb8 {[%clk 0:00:42]} Rb2 {[%clk 0:00:23]} 39. Kg1
{[%clk 0:00:42]} Rb1+ {[%clk 0:00:32]} 40. Kh2 {[%clk 0:00:51]} Rb2
{[%clk 0:00:41]} 41. Kg1 {[%clk 0:00:23]} Bg4 {[%clk 0:00:15]} 42. b5
{[%clk 0:00:22]} Bxh5 {[%clk 0:00:24]} 43. b6 {[%clk 0:00:29]} Be2
{[%clk 0:00:26]} 44. b7 {[%clk 0:00:20]} Ba6 {[%clk 0:00:35]} 45. Bf3
{[%clk 0:00:15]} f5 {[%clk 0:00:30]} 46. Bc6 {[%clk 0:00:16]} Rb6
{[%clk 0:00:34]} 47. Bd5 {[%clk 0:00:20]} Rb5 {[%clk 0:00:42]} 48. Bc6
{[%clk 0:00:28]} Rb6 {[%clk 0:00:49]} 49. Bd5 {[%clk 0:00:37]} Rb1+
{[%clk 0:00:30]} 50. Kh2 {[%clk 0:00:33]} Rb2 {[%clk 0:00:36]} 51. Kg1
{[%clk 0:00:40]} Rb5 {[%clk 0:00:18]} 52. Bc6 {[%clk 0:00:45]} Rb1+
{[%clk 0:00:21]} 53. Kh2 {[%clk 0:00:54]} 1/2-1/2

[Event "Team Championship of Russia (rapid)"]
[Site "Sochi"]
[Date "2015.05.09"]
[Round "9.30"]
[White "Vavulin, Maksim"]
[Black "Vastrukhin, Oleg"]
[Result "1/2-1/2"]
[LiveChessVersion "1.4.4"]
[BlackElo "2444"]
[WhiteElo "2307"]
[BlackTeam "Boavishta"]
[WhiteTeam "Our heritage - Junior"]

1. e4 {[%clk 0:15:19]} g6 {[%clk 0:15:18]} 2. d4 {[%clk 0:15:27]} c6
{[%clk 0:15:27]} 3. Nc3 {[%clk 0:15:23]} Bg7 {[%clk 0:15:33]} 4. Be3
{[%clk 0:14:57]} d5 {[%clk 0:15:38]} 5. h3 {[%clk 0:14:56]} dxe4 {[%clk 0:15:42]}
6. Nxe4 {[%clk 0:15:05]} Nd7 {[%clk 0:15:30]} 7. Nf3 {[%clk 0:15:04]} Ngf6
{[%clk 0:15:38]} 8. Ng3 {[%clk 0:15:08]} O-O {[%clk 0:15:42]} 9. Qd2
{[%clk 0:15:14]} a5 {[%clk 0:15:46]} 10. Bh6 {[%clk 0:15:07]} a4 {[%clk 0:15:46]}
11. a3 {[%clk 0:14:15]} Nb6 {[%clk 0:14:55]} 12. Bxg7 {[%clk 0:13:49]} Kxg7
{[%clk 0:15:04]} 13. Bd3 {[%clk 0:13:48]} Nbd5 {[%clk 0:14:50]} 14. O-O-O
{[%clk 0:12:45]} b5 {[%clk 0:14:56]} 15. c3 {[%clk 0:12:45]} Nb6 {[%clk 0:14:21]}
16. Ne5 {[%clk 0:12:45]} Qd5 {[%clk 0:14:26]} 17. Be2 {[%clk 0:11:24]} Be6
{[%clk 0:13:59]} 18. Qd3 {[%clk 0:10:44]} Rac8 {[%clk 0:13:34]} 19. Bf3
{[%clk 0:10:36]} Qd6 {[%clk 0:13:38]} 20. h4 {[%clk 0:10:28]} h5 {[%clk 0:13:07]}
21. Rhe1 {[%clk 0:09:43]} Rfd8 {[%clk 0:12:59]} 22. Qe3 {[%clk 0:08:54]} Nbd5
{[%clk 0:11:34]} 23. Qd2 {[%clk 0:06:54]} c5 {[%clk 0:11:28]} 24. dxc5
{[%clk 0:06:11]} Qxc5 {[%clk 0:11:23]} 25. Nd3 {[%clk 0:04:55]} Qc4
{[%clk 0:11:23]} 26. Bxd5 {[%clk 0:03:24]} Nxd5 {[%clk 0:10:30]} 27. Re4
{[%clk 0:02:24]} Qa2 {[%clk 0:10:09]} 28. Rxe6 {[%clk 0:01:43]} fxe6
{[%clk 0:09:58]} 29. Qg5 {[%clk 0:01:41]} Nf6 {[%clk 0:09:08]} 30. Rd2
{[%clk 0:01:10]} Qd5 {[%clk 0:08:43]} 31. Qe3 {[%clk 0:01:04]} Rd6
{[%clk 0:08:20]} 32. f3 {[%clk 0:00:59]} Rcd8 {[%clk 0:08:13]} 33. Ne2
{[%clk 0:00:59]} Qf5 {[%clk 0:08:12]} 34. Nd4 {[%clk 0:01:01]} Rxd4 35. cxd4 Nd5
{[%clk 0:07:36]} 36. Qe5+ {[%clk 0:00:44]} Qxe5 {[%clk 0:07:11]} 37. dxe5
{[%clk 0:00:53]} Kf7 {[%clk 0:07:15]} 38. Nf2 {[%clk 0:00:49]} Rc8+
{[%clk 0:06:32]} 39. Kb1 {[%clk 0:00:58]} Rc4 {[%clk 0:06:01]} 40. Ne4 Ke8 41. g3
{[%clk 0:00:57]} b4 {[%clk 0:06:07]} 42. axb4 {[%clk 0:01:02]} Rxb4
{[%clk 0:06:13]} 43. Rd3 {[%clk 0:01:07]} Rb5 {[%clk 0:05:55]} 44. Ra3
{[%clk 0:00:57]} Nb6 {[%clk 0:06:00]} 45. f4 {[%clk 0:00:37]} Rb4
{[%clk 0:05:15]} 46. Nc5 {[%clk 0:00:42]} Kf7 {[%clk 0:05:16]} 47. Ka2
{[%clk 0:00:21]} Rd4 {[%clk 0:05:06]} 48. Rd3 {[%clk 0:00:18]} Rc4
{[%clk 0:05:06]} 49. Nb7 {[%clk 0:00:16]} Nd5 {[%clk 0:04:31]} 50. Ka3
{[%clk 0:00:25]} Ke8 {[%clk 0:04:36]} 51. Na5 {[%clk 0:00:32]} Re4
{[%clk 0:04:35]} 52. Nc6 {[%clk 0:00:37]} Rc4 {[%clk 0:04:31]} 53. Na5
{[%clk 0:00:44]} Re4 {[%clk 0:04:40]} 54. Nc6 {[%clk 0:00:50]} Rc4
{[%clk 0:04:02]} 55. Na5 {[%clk 0:00:58]} Re4 {[%clk 0:04:01]} 56. Nc6
{[%clk 0:00:51]} Rc4 {[%clk 0:03:55]} 1/2-1/2

[Event "Team Championship of Russia (rapid)"]
[Site "Sochi"]
[Date "2015.05.09"]
[Round "9.31"]
[White "Pasiev, Rakhim"]
[Black "Savenkov, Konstantin"]
[Result "1-0"]
[LiveChessVersion "1.4.4"]
[BlackElo "2278"]
[WhiteElo "2406"]
[BlackTeam "Our heritage - Junior"]
[WhiteTeam "Boavishta"]

1. e4 {[%clk 0:15:18]} e6 {[%clk 0:15:20]} 2. d4 {[%clk 0:15:27]} d5
{[%clk 0:15:29]} 3. Nc3 {[%clk 0:15:36]} Bb4 {[%clk 0:15:38]} 4. e5
{[%clk 0:15:45]} Ne7 {[%clk 0:15:46]} 5. Qg4 {[%clk 0:15:51]} c5 {[%clk 0:15:55]}
6. dxc5 {[%clk 0:16:00]} Bxc3+ {[%clk 0:15:51]} 7. bxc3 {[%clk 0:16:08]} Qa5
{[%clk 0:15:28]} 8. Bd2 {[%clk 0:16:16]} Ng6 {[%clk 0:15:16]} 9. Nf3
{[%clk 0:16:16]} Nc6 {[%clk 0:15:00]} 10. h4 {[%clk 0:16:12]} Qc7
{[%clk 0:14:41]} 11. Bb5 {[%clk 0:16:05]} Bd7 {[%clk 0:14:23]} 12. Bxc6
{[%clk 0:15:40]} Bxc6 {[%clk 0:14:31]} 13. Qg3 {[%clk 0:15:46]} h5
{[%clk 0:12:56]} 14. O-O {[%clk 0:15:51]} O-O-O {[%clk 0:13:01]} 15. Rfe1
{[%clk 0:15:49]} Qa5 {[%clk 0:12:48]} 16. Nd4 {[%clk 0:15:43]} Rde8
{[%clk 0:11:43]} 17. Rab1 {[%clk 0:15:12]} Qxc5 {[%clk 0:11:34]} 18. Rb4
{[%clk 0:15:20]} Re7 {[%clk 0:10:57]} 19. Reb1 {[%clk 0:15:25]} Rc7
{[%clk 0:10:55]} 20. Nxe6 {[%clk 0:15:06]} fxe6 {[%clk 0:10:59]} 21. Qxg6
{[%clk 0:15:15]} Qe7 {[%clk 0:10:07]} 22. Be3 {[%clk 0:15:23]} a6
{[%clk 0:10:11]} 23. Bb6 {[%clk 0:13:59]} Be8 {[%clk 0:09:59]} 24. Qg3
{[%clk 0:14:04]} Rd7 {[%clk 0:10:07]} 25. c4 {[%clk 0:13:59]} d4 {[%clk 0:10:09]}
26. Ba5 {[%clk 0:10:09]} Qc5 {[%clk 0:08:31]} 27. Qf3 {[%clk 0:10:01]} Qxa5
{[%clk 0:08:11]} 28. Rxb7 {[%clk 0:10:09]} Kd8 {[%clk 0:07:59]} 29. Rb8+
{[%clk 0:06:49]} Ke7 {[%clk 0:08:06]} 30. Qg3 {[%clk 0:06:57]} Kf7
{[%clk 0:06:12]} 31. R1b3 {[%clk 0:06:55]} Rf8 {[%clk 0:06:05]} 32. R8b6
{[%clk 0:02:20]} Kg8 {[%clk 0:02:47]} 33. Rxe6 {[%clk 0:02:27]} Qc5
{[%clk 0:02:46]} 34. Rb8 {[%clk 0:01:51]} Re7 {[%clk 0:01:29]} 35. Rxe7
{[%clk 0:01:47]} Qxe7 {[%clk 0:01:38]} 36. Ra8 {[%clk 0:01:54]} Qe6
{[%clk 0:01:03]} 37. Ra7 {[%clk 0:01:08]} Bf7 {[%clk 0:00:50]} 38. c5
{[%clk 0:01:17]} Rc8 {[%clk 0:00:51]} 39. Qg5 {[%clk 0:00:46]} Rxc5
{[%clk 0:00:32]} 40. Re7 {[%clk 0:00:18]} Rxe5 {[%clk 0:00:28]} 41. Qxe5
{[%clk 0:00:25]} 1-0

[Event "Team Championship of Russia (rapid)"]
[Site "Sochi"]
[Date "2015.05.09"]
[Round "9.32"]
[White "Shuvalova, Polina"]
[Black "Denishev, Marat"]
[Result "1/2-1/2"]
[LiveChessVersion "1.4.4"]
[BlackElo "2261"]
[WhiteElo "2269"]
[WhiteTeam "Our heritage - Junior"]

1. e4 c5 2. Nf3 d6 3. Bb5+ {[%clk 0:15:31]} Bd7 {[%clk 0:15:38]} 4. Bxd7+
{[%clk 0:15:39]} Qxd7 {[%clk 0:15:48]} 5. O-O {[%clk 0:15:43]} Nc6
{[%clk 0:15:56]} 6. c3 {[%clk 0:15:51]} g6 {[%clk 0:15:54]} 7. d4
{[%clk 0:15:58]} cxd4 {[%clk 0:16:02]} 8. cxd4 Bg7 9. Nc3 {[%clk 0:16:12]} Nf6
{[%clk 0:16:16]} 10. d5 {[%clk 0:16:18]} Ne5 {[%clk 0:16:11]} 11. Nxe5
{[%clk 0:16:26]} dxe5 {[%clk 0:16:19]} 12. f3 {[%clk 0:15:59]} O-O
{[%clk 0:16:25]} 13. Be3 {[%clk 0:16:08]} Rfd8 {[%clk 0:16:04]} 14. Qb3
{[%clk 0:15:54]} Ne8 {[%clk 0:15:42]} 15. a4 {[%clk 0:15:29]} Nd6
{[%clk 0:15:32]} 16. Nb5 {[%clk 0:15:17]} f5 {[%clk 0:14:56]} 17. Nxd6
{[%clk 0:12:45]} exd6 {[%clk 0:15:03]} 18. Rac1 {[%clk 0:12:37]} Rdc8
{[%clk 0:14:21]} 19. a5 a6 {[%clk 0:13:56]} 20. Rc3 {[%clk 0:09:13]} fxe4
{[%clk 0:11:46]} 21. fxe4 {[%clk 0:08:46]} Rxc3 {[%clk 0:09:34]} 22. bxc3
{[%clk 0:08:53]} Rf8 {[%clk 0:09:09]} 23. Rb1 {[%clk 0:08:06]} Qg4
{[%clk 0:08:32]} 24. Qc4 {[%clk 0:06:48]} h5 {[%clk 0:07:15]} 25. h3
{[%clk 0:06:08]} Qg3 {[%clk 0:06:52]} 26. Qe2 {[%clk 0:05:47]} Rf7
{[%clk 0:06:24]} 27. Rb6 {[%clk 0:05:43]} Bf8 {[%clk 0:06:15]} 28. c4
{[%clk 0:05:41]} Qh4 {[%clk 0:06:09]} 29. Bf2 {[%clk 0:04:49]} Qg5
{[%clk 0:05:23]} 30. Be3 {[%clk 0:03:42]} Qh4 {[%clk 0:05:23]} 31. Bd2
{[%clk 0:03:17]} Qg3 {[%clk 0:03:34]} 32. Be3 {[%clk 0:02:54]} Qh4
{[%clk 0:03:09]} 33. Bf2 {[%clk 0:03:01]} Qg5 {[%clk 0:03:18]} 34. Be3
{[%clk 0:01:31]} Qg3 {[%clk 0:03:26]} 35. Bf2 {[%clk 0:01:13]} Qg5
{[%clk 0:01:44]} 36. Qb2 {[%clk 0:01:10]} Qe7 {[%clk 0:00:49]} 37. Be3
{[%clk 0:01:10]} Kh7 {[%clk 0:00:55]} 38. Kh2 {[%clk 0:00:56]} Qc7
{[%clk 0:00:32]} 39. Qb4 {[%clk 0:00:58]} Qe7 {[%clk 0:00:27]} 40. Qa3
{[%clk 0:00:32]} Qc7 {[%clk 0:00:23]} 41. Qb4 Qe7 42. Kg1 {[%clk 0:00:21]} Qc7
{[%clk 0:00:32]} 43. Qb3 {[%clk 0:00:20]} Qe7 {[%clk 0:00:35]} 44. Qb4
{[%clk 0:00:14]} Qc7 {[%clk 0:00:43]} 45. Qb3 {[%clk 0:00:18]} 1/2-1/2

[Event "Team Championship of Russia (rapid)"]
[Site "Sochi"]
[Date "2015.05.09"]
[Round "9.33"]
[White "Smirnov, Timofey"]
[Black "Glek, Igor"]
[Result "1/2-1/2"]
[LiveChessVersion "1.4.4"]
[BlackElo "2551"]
[WhiteElo "2281"]
[BlackTeam "Academy Glek"]

1. e4 {[%clk 0:15:18]} c5 {[%clk 0:15:14]} 2. Nf3 {[%clk 0:15:25]} a6
{[%clk 0:15:24]} 3. c4 {[%clk 0:15:26]} Nc6 {[%clk 0:15:25]} 4. d4
{[%clk 0:15:33]} cxd4 {[%clk 0:15:34]} 5. Nxd4 {[%clk 0:15:41]} e6
{[%clk 0:15:43]} 6. Nxc6 {[%clk 0:15:20]} bxc6 {[%clk 0:15:47]} 7. Nc3
{[%clk 0:15:28]} e5 {[%clk 0:15:54]} 8. Be3 {[%clk 0:15:34]} Nf6 {[%clk 0:15:26]}
9. f3 {[%clk 0:15:23]} d6 {[%clk 0:13:18]} 10. Qd2 {[%clk 0:15:28]} Be7
{[%clk 0:13:20]} 11. Be2 {[%clk 0:15:31]} O-O {[%clk 0:12:56]} 12. O-O
{[%clk 0:15:36]} Be6 {[%clk 0:12:58]} 13. Rad1 {[%clk 0:15:38]} Qb8
{[%clk 0:13:00]} 14. Kh1 {[%clk 0:15:07]} Rd8 {[%clk 0:12:44]} 15. Qc2
{[%clk 0:14:01]} d5 {[%clk 0:12:25]} 16. cxd5 {[%clk 0:14:06]} cxd5
{[%clk 0:12:34]} 17. exd5 {[%clk 0:14:14]} Nxd5 {[%clk 0:12:43]} 18. Nxd5
{[%clk 0:14:20]} Rxd5 {[%clk 0:12:36]} 19. Rxd5 {[%clk 0:13:58]} Bxd5
{[%clk 0:12:45]} 20. b3 {[%clk 0:14:06]} Qb7 {[%clk 0:12:25]} 21. Rd1
{[%clk 0:13:55]} g6 {[%clk 0:12:08]} 22. Kg1 {[%clk 0:11:59]} e4 {[%clk 0:11:24]}
23. fxe4 {[%clk 0:11:40]} Bxe4 {[%clk 0:11:29]} 24. Bd3 {[%clk 0:11:49]} Bd5
{[%clk 0:10:40]} 25. Bc4 {[%clk 0:11:39]} Bxc4 {[%clk 0:10:45]} 26. Qxc4
{[%clk 0:11:47]} Rc8 {[%clk 0:10:53]} 27. Qd3 {[%clk 0:08:39]} h5
{[%clk 0:10:10]} 28. Qd7 {[%clk 0:07:32]} Qxd7 {[%clk 0:08:49]} 29. Rxd7
{[%clk 0:07:40]} Bb4 {[%clk 0:08:25]} 30. Ra7 {[%clk 0:05:32]} a5
{[%clk 0:08:16]} 31. a3 {[%clk 0:04:54]} Bc3 {[%clk 0:07:11]} 32. Rb7
{[%clk 0:04:54]} Bb2 {[%clk 0:06:56]} 33. Bd2 {[%clk 0:01:54]} Bxa3
{[%clk 0:04:37]} 1/2-1/2

[Event "Team Championship of Russia (rapid)"]
[Site "Sochi"]
[Date "2015.05.09"]
[Round "9.34"]
[White "Sychev, Klementy"]
[Black "Tarasov, Alexandr"]
[Result "1/2-1/2"]
[LiveChessVersion "1.4.4"]
[BlackElo "2297"]
[WhiteElo "2400"]
[WhiteTeam "Academy Glek"]

1. Nf3 {[%clk 0:15:19]} Nf6 {[%clk 0:15:16]} 2. c4 {[%clk 0:15:27]} e6
{[%clk 0:15:17]} 3. Nc3 {[%clk 0:15:25]} Bb4 {[%clk 0:15:19]} 4. d4
{[%clk 0:14:51]} b6 {[%clk 0:15:26]} 5. e3 {[%clk 0:14:54]} Bb7 {[%clk 0:14:59]}
6. Bd3 {[%clk 0:15:02]} c5 {[%clk 0:14:31]} 7. O-O {[%clk 0:15:10]} cxd4
{[%clk 0:14:33]} 8. exd4 {[%clk 0:15:17]} O-O {[%clk 0:14:29]} 9. Na4
{[%clk 0:14:39]} Be7 {[%clk 0:13:10]} 10. a3 {[%clk 0:14:39]} d6 {[%clk 0:12:43]}
11. Re1 {[%clk 0:14:35]} Nbd7 {[%clk 0:12:49]} 12. Bf4 {[%clk 0:14:36]} d5
{[%clk 0:11:44]} 13. Nc3 {[%clk 0:13:57]} dxc4 {[%clk 0:09:48]} 14. Bxc4
{[%clk 0:14:06]} a6 15. d5 {[%clk 0:13:21]} exd5 {[%clk 0:07:22]} 16. Nxd5
{[%clk 0:13:29]} Nxd5 {[%clk 0:07:29]} 17. Bxd5 {[%clk 0:13:38]} Bxd5
{[%clk 0:07:37]} 18. Qxd5 {[%clk 0:13:47]} Bf6 {[%clk 0:06:03]} 19. Rad1
{[%clk 0:11:45]} Nc5 {[%clk 0:06:08]} 20. Bd6 {[%clk 0:05:16]} Re8
{[%clk 0:05:59]} 21. Rxe8+ {[%clk 0:02:27]} Qxe8 {[%clk 0:06:08]} 22. b4
{[%clk 0:02:19]} Ne6 {[%clk 0:03:43]} 23. Qb7 {[%clk 0:01:52]} Rd8
{[%clk 0:03:31]} 24. Qxb6 {[%clk 0:01:48]} Qa4 {[%clk 0:03:27]} 25. Re1
{[%clk 0:01:03]} Qxa3 {[%clk 0:03:12]} 1/2-1/2